Normal view
MARC view
- Saudi Arabia
Entry Geographic Name
001 - CONTROL NUMBER
- control field: 10165
003 - CONTROL NUMBER IDENTIFIER
- control field: NUST
005 - DATE AND TIME OF LATEST TRANSACTION
- control field: 20180313042343.0
008 - FIXED-LENGTH DATA ELEMENTS
- fixed length control field: 180313|| aca||aabn | a|a d
040 ## - CATALOGING SOURCE
- Original cataloging agency: NUST
- Transcribing agency: NUST
151 ## - HEADING--GEOGRAPHIC NAME
- Geographic name: Saudi Arabia
- General subdivision: History.
670 ## - SOURCE DATA FOUND
- Source citation: Work cat.: (NUST)0: Jan, Tarik. 10140, The life and times of Muhammad Rasul Allah :, 1998.
